000 00592nam a22002177a 4500
003 UA-OsUOA
001 43098
007 ta
008 20090513b un ||||| |||| 00| 0 ukr d
090 _a082
942 _cBK
040 _aUA-OsUOA
_bpol
_cUA-OsUOA
_dUA-OsUOA
245 _aPrzemyskie zapiski historyczne
_bStudia i materialy poswiecone historii ziem polski poludniowo-wschodniej
_cR.IV-V, 1986/7
300 _a294 с.
955 _a1
041 _apol
080 _a082
260 _aPrzemysl
_c1987
650 7 _a08 Видання. Колективні праці
_2UDC
999 _c441575
_d441575